Statystyki dla Najlepsze miasta do zamieszkania

Kliknij tutaj aby rozwiązać quiz!

Ogólne statystyki

  • Ten quiz został rozwiązany 4 429 razy
  • Średni wynik to 9 z 25

Statystyki odpowiedzi

#KontynentMiasto% Poprawnych
13EuropaBerlin
85%
10OceaniaSydney
69%
20EuropaSztokholm
61%
12EuropaAmsterdam
56%
1EuropaWiedeń
56%
9EuropaKopenhaga
52%
4EuropaMonachium
50%
14EuropaBerno
48%
18Ameryka Półn.Ottawa
43%
16Ameryka Półn.Toronto
40%
2EuropaZurych
40%
19EuropaHamburg
38%
16OceaniaMelbourne
38%
15OceaniaWellington
33%
8EuropaGenewa
29%
21EuropaLuksemburg
29%
7EuropaFrankfurt
28%
25AzjaSingapur
28%
22OceaniaPerth
25%
3OceaniaAuckland
24%
5Ameryka Półn.Vancouver
22%
23Ameryka Półn.Montreal
20%
10EuropaBazylea
10%
6EuropaDüsseldorf
9%
24EuropaNorymberga
6%

Rozkład punktacji

Percentyl według liczby udzielonych odpowiedzi

Procent ludzi z każdym wynikiem

Twoja historia wyników

Nie rozwiązałeś tego quizu